Statistics for Countries with the Most Divorces

Click here to take the quiz!

General Stats

  • This quiz has been taken 206 times
  • The average score is 13 of 20

Answer Stats

RateCountry% Correct
3.40United States
100%
2.80United Kingdom
95%
4.42Russia
88%
2.59Germany
87%
2.67Australia
80%
2.61New Zealand
70%
2.53Finland
67%
3.66Ukraine
67%
2.92Denmark
66%
3.02Belgium
65%
2.44Hungary
60%
2.43Switzerland
60%
2.97Belarus
59%
2.94Estonia
59%
3.20Lithuania
56%
3.24Czech Republic
52%
2.90South Korea
47%
4.14Moldova
38%
3.17Cuba
24%
2.47Liechtenstein
24%

Score Distribution

Percentile by Number Answered

Percent of People with Each Score

Your Score History

You have not taken this quiz